|
|
|
|
| LEADER |
01460nam a2200433 i 4500 |
| 001 |
nkc20172879160 |
| 003 |
CZ PrNK |
| 005 |
20170327152352.0 |
| 007 |
ta |
| 008 |
170207s2017 xr g 000 f cze |
| 015 |
|
|
|a cnb002879160
|
| 020 |
|
|
|a 978-80-259-0613-2
|q (vázáno)
|
| 035 |
|
|
|a (OCoLC)982110851
|
| 040 |
|
|
|a OLA001
|b cze
|e rda
|
| 041 |
1 |
|
|a cze
|h nor
|
| 072 |
|
7 |
|a 821.11
|x Germánské literatury
|2 Konspekt
|9 25
|
| 080 |
|
|
|a 821.113.5-31
|2 MRF
|
| 080 |
|
|
|a (0:82-312.4)
|2 MRF
|
| 100 |
1 |
|
|a Bakkeid, Heine T.,
|d 1974-
|7 ola2017941749
|4 aut
|
| 240 |
1 |
0 |
|a Jeg skal savne deg i morgen.
|l Česky
|
| 245 |
1 |
0 |
|a Až mi zítra budeš chybět :
|b detektivka /
|c Heine Bakkeid ; přeložila Daniela Krolupperová
|
| 250 |
|
|
|a Vydání první
|
| 264 |
|
1 |
|a V Praze :
|b Plus,
|c 2017
|
| 300 |
|
|
|a 334 stran ;
|c 21 cm
|
| 336 |
|
|
|a text
|b txt
|2 rdacontent
|
| 337 |
|
|
|a bez média
|b n
|2 rdamedia
|
| 338 |
|
|
|a svazek
|b nc
|2 rdacarrier
|
| 500 |
|
|
|a Přeloženo z norštiny
|
| 655 |
|
7 |
|a norské romány
|7 fd132917
|2 czenas
|
| 655 |
|
7 |
|a detektivní romány
|7 fd132010
|2 czenas
|
| 655 |
|
9 |
|a Norwegian fiction
|2 eczenas
|
| 655 |
|
9 |
|a detective novels
|2 eczenas
|
| 700 |
1 |
|
|a Krolupperová, Daniela,
|d 1969-
|7 xx0012658
|4 trl
|
| 910 |
2 |
|
|a BOA001
|b 2-1382.455
|
| 928 |
9 |
|
|a Albatros Media - Plus
|
| 990 |
|
|
|a BK
|
| 995 |
|
|
|a 01
|
| 991 |
|
|
|b 201702
|c NOV
|
| 996 |
6 |
|
|b 2610697218
|c 2-1382.455
|l MZK
|r Sklad / do 1 hodiny
|n 4
|p p.v.
|w 001599440
|u 000010
|a 1
|e BOA001
|j MZK50
|s P
|